Statistics for Newest Songs 2018

Click here to take the quiz!

General Stats

  • This quiz has been taken 37 times
  • The average score is 3 of 9

Answer Stats

HintAnswer% Correct
Bebe Rexha Ft.Florida Georgia LineMeant To Be
76%
Ariana GrandeNo Tears Left To Cry
65%
Anne-Marie2002
50%
Post MaloneBetter Now
44%
5 Seconds Of SummerWant You Back
24%
Poo Bear Ft.Justin Bieber & Jay ElectronicaHard 2 Face Reality
12%
Bebe Rexha Ft.Quavo2 Souls on Fire
3%
The ChainsmokersDrew Love
0%
Matoma Ft. MAXLonely
0%

Score Distribution

Percentile by Number Answered

Percent of People with Each Score

Your Score History

You have not taken this quiz